The elementary forms of the new religious life

Saved in:  
Bibliographic Details
Main Author: Wallis, Roy (Author)
Format: Print Book
Language:English
Subito Delivery Service: Order now.
Check availability: HBZ Gateway
WorldCat: WorldCat
Interlibrary Loan:Interlibrary Loan for the Fachinformationsdienste (Specialized Information Services in Germany)
Published: London [u.a.] Routledge and Kegan Paul 1984
In:Year: 1984
Reviews:[Rezension von: Wallis, Roy, The Elementary Forms of the New Religious Life] (1985) (Mol, Hans, 1922 - 2017)
The Elementary Forms of the New Religious Life by Roy Wallis. London: Routledge & Kegan Paul, 1984, x+156 pp (1985) (McNamara, Patrick H.)
Series/Journal:International library of sociology
Standardized Subjects / Keyword chains:B Youth religion
B Religious movement
B Religious movement / Present

MARC

LEADER 00000cam a2200000 c 4500
001 1615915532
003 DE-627
005 20251225200129.0
007 tu
008 850101s1984 xxk||||| 00| ||eng c
020 |a 0710098901  |9 0-7100-9890-1 
035 |a (DE-627)1615915532 
035 |a (DE-576)009394249 
035 |a (DE-599)BSZ009394249 
035 |a (OCoLC)252367117 
035 |a (OCoLC)09643042 
035 |a (DE-604)8001567241 
040 |a DE-627  |b ger  |c DE-627  |e rakwb 
041 |a eng 
044 |c XA-GB 
082 0 |a 306/.6 
082 0 |a 291 
084 |a 0  |2 ssgn 
084 |a MS 6575  |2 rvk  |0 (DE-625)rvk/123762: 
084 |a MS 6600  |2 rvk  |0 (DE-625)rvk/123763: 
084 |a 11.97  |2 bkl 
100 1 |a Wallis, Roy  |4 aut 
245 1 4 |a The elementary forms of the new religious life  |c Roy Wallis 
264 1 |a London [u.a.]  |b Routledge and Kegan Paul  |c 1984 
300 |a X, 156 S. 
336 |a Text  |b txt  |2 rdacontent 
337 |a ohne Hilfsmittel zu benutzen  |b n  |2 rdamedia 
338 |a Band  |b nc  |2 rdacarrier 
490 0 |a International library of sociology 
583 1 |a Archivierung/Langzeitarchivierung gewährleistet  |f SSG  |x XA-DE-BW  |2 pdager  |5 DE-21 
583 1 |a Archivierung prüfen  |c 20240324  |f DE-4165  |z 2  |2 pdager 
689 0 0 |d s  |0 (DE-588)4028926-6  |0 (DE-627)106276476  |0 (DE-576)208980105  |2 gnd  |a Jugendreligion 
689 0 |5 (DE-627) 
689 1 0 |d s  |0 (DE-588)4177706-2  |0 (DE-627)10426960X  |0 (DE-576)209979585  |2 gnd  |a Religiöse Bewegung 
689 1 |5 (DE-627) 
689 2 0 |d s  |0 (DE-588)4177706-2  |0 (DE-627)10426960X  |0 (DE-576)209979585  |2 gnd  |a Religiöse Bewegung 
689 2 1 |d s  |0 (DE-588)4156301-3  |0 (DE-627)105509388  |0 (DE-576)209825782  |2 gnd  |a Gegenwart 
689 2 |5 (DE-627) 
787 0 8 |i Rezensiert in  |a Mol, Hans, 1922 - 2017  |t [Rezension von: Wallis, Roy, The Elementary Forms of the New Religious Life]  |d 1985  |w (DE-627)1822403480 
787 0 8 |i Rezensiert in  |a McNamara, Patrick H.  |t The Elementary Forms of the New Religious Life by Roy Wallis. London: Routledge & Kegan Paul, 1984, x+156 pp  |d 1985  |w (DE-627)1823100341 
889 |w (DE-627)02497224X 
889 |w (DE-627)434425494 
935 |a mteo 
935 |i mdedup 
936 r v |a MS 6575  |b Einzelne Religionen, Religionsbewegungen, Sekten  |k Soziologie  |k Spezielle Soziologien  |k Religionssoziologie  |k Einzelne Religionen, Religionsbewegungen, Sekten  |0 (DE-627)1271441462  |0 (DE-625)rvk/123762:  |0 (DE-576)201441462 
936 r v |a MS 6600  |b Säkularisierung  |k Soziologie  |k Spezielle Soziologien  |k Religionssoziologie  |k Säkularisierung  |0 (DE-627)1271441470  |0 (DE-625)rvk/123763:  |0 (DE-576)201441470 
936 b k |a 11.97  |j Neue religiöse Bewegungen  |j Sekten  |0 (DE-627)181570408 
951 |a BO 
ELC |b 1 
ITA |a 1  |t 1 
LOK |0 000 xxxxxcx a22 zn 4500 
LOK |0 001 3195889439 
LOK |0 003 DE-627 
LOK |0 004 1615915532 
LOK |0 005 20090811103519 
LOK |0 008 930217||||||||||||||||ger||||||| 
LOK |0 040   |a DE-21  |c DE-627  |d DE-21 
LOK |0 852   |a DE-21 
LOK |0 852 1  |c 24 A 9463  |9 00 
LOK |0 935   |a kram  |a konv  |a theo  |a sepp 
LOK |0 939   |a 17-02-93  |b l01 
LOK |0 000 xxxxxcx a22 zn 4500 
LOK |0 001 3195889501 
LOK |0 003 DE-627 
LOK |0 004 1615915532 
LOK |0 005 20100407070546 
LOK |0 008 050323||||||||||||||||ger||||||| 
LOK |0 040   |a DE-21-85  |c DE-627  |d DE-21-85 
LOK |0 541   |e 84-424 
LOK |0 689   |a s  |0 1311081038  |a Sekte 
LOK |0 852   |a DE-21-85 
LOK |0 852 1  |c 3.240.1984  |m p  |9 00 
LOK |0 935   |a k085 
LOK |0 938   |k p 
LOK |0 939   |a 23-03-05  |b l01 
ORI |a SA-MARC-ixtheoa001.raw 
REL |a 1 
STA 0 0 |a Present,Present,Religious movement,Youth religion 
STB 0 0 |a Mouvement religieux,Présent,Présent,Religion des jeunes,Religion pour les jeunes,Religion pour les jeunes 
STC 0 0 |a Movimiento religioso,Religión juvenil,Tiempo presente,Tiempo presente 
STD 0 0 |a Movimento religioso,Presente,Presente,Religione giovanile 
STE 0 0 |a 宗教运动,现在,目前,青年宗教,青少年宗教 
STF 0 0 |a 宗教運動,現在,目前,青年宗教,青少年宗教 
STG 0 0 |a Movimento religioso,Religião juvenil,Tempo presente,Tempo presente 
STH 0 0 |a Молодёжная религия,Религия для молодёжи,Настоящее время (моти),Настоящее время,Религиозное движение 
STI 0 0 |a Θρησκεία της νεολαίας,Θρησκευτικό κίνημα,Παρόν (μοτίβο),Παρόν 
SUB |a REL 
SYG 0 0 |a Jugendsekte,Jugendreligionen , Jetztzeit